000
00319nam a2200133Ia 4500
008
240624s9999 xx 000 0 und d
041
_a
eng
082
_a
823 MOH
100
_a
MOHAN ANSHUMAN
245
_a
POTATO CHIPS
260
_c
2010
_a
New Delhi
_b
Harper Collins Publishers
300
_a
272 : p.
365
_c
RS
_b
27
999
_c
15540
_d
15540